| 000 | 00945cam a2200301 4500 | ||
|---|---|---|---|
| 001 | 27989 | ||
| 003 | BD-RjUL | ||
| 005 | 20211209051226.0 | ||
| 008 | 140329s1950 nyuab b 001 0 eng d | ||
| 035 | _a(BD-RjUL) 28070 | ||
| 035 | _a(BD-RjUL) | ||
| 035 | _a(NNC)1222693 | ||
| 040 |
_aDLC _cAKD _dm.c. _dOCL _dZCU _dBD-RjUL _beng |
||
| 041 | _aeng | ||
| 082 | 0 | 4 |
_a327.73 _bBAD 1950 |
| 100 | 1 |
_aBailey, Thomas Andrew, _d1902-1983. _985854 |
|
| 245 | 1 | 2 |
_aA diplomatic history of the American people. / _cThomas Andrew Bailey. |
| 250 | _a4th ed. | ||
| 260 |
_aNew York : _bAppleton-Century-Crofts, _cc1950. |
||
| 300 |
_axxviii, 986 p. : _bill. ; _c22 cm. |
||
| 490 | 1 | _aCrofts American history series | |
| 504 | _aIncludes bibliographies. and Index | ||
| 651 | 0 |
_aUnited States _xForeign relations. _985855 |
|
| 830 | 0 |
_aCrofts American history series. _985913 |
|
| 942 |
_2ddc _cBK |
||
| 999 |
_c27989 _d27989 |
||